| 000 | 00517nam a2200169 i 4500 | ||
|---|---|---|---|
| 001 | 79086 | ||
| 003 | ES-MaACL | ||
| 005 | 20230906173910.0 | ||
| 007 | t| | ||
| 008 | 041019s1907 fr ||||1| fre d | ||
| 100 | 1 |
_aHémon, Camille. _962494 |
|
| 245 | 1 | 3 |
_aLa philosophie de M. Sully Prudhomme / _cpar Camille Hémon ; préface de M. Sully Prudhomme. |
| 260 |
_aParis : _b[s.n.], _c1907 ( _fPhilippe Renouard) |
||
| 300 |
_aXIX, 464 p. ; _c22 cm. |
||
| 700 | 1 |
_aSully Prudhomme. _9108764 |
|
| 852 |
_aES-MaACL _jB-6591 |
||
| 999 |
_c79086 _d79086 |
||